Por las clínicas de Europa (Record no. 44796)

MARC details
000 -LEADER
campo de control de longitud fija 00748nam a2200205 i 4500
001 - NÚMERO DE CONTROL
campo de control 44796
003 - IDENTIFICADOR DE NÚMERO DE CONTROL
campo de control ES-MaACL
005 - FECHA Y HORA DE LA ÚLTIMA TRANSACCIÓN
campo de control 20230906161109.0
007 - CAMPO FIJO DE DESCRIPCIÓN FÍSICA--INFORMACIÓN GENERAL
campo de control de longitud fija t|
008 - DATOS DE LONGITUD FIJA--INFORMACIÓN GENERAL
campo de control de longitud fija 030324m19181934sp ||||1| spa d
245 00 - MENCIÓN DEL TÍTULO
Título Por las clínicas de Europa
Resto del título : formulario crítico...
260 ## - PUBLICACIÓN, DISTRIBUCIÓN, ETC.
Lugar de publicación, distribución, etc. Madrid :
Nombre del editor, distribuidor, etc. [s.n.,
Fecha de publicación, distribución, etc. 1918-1934] (
Fabricante Imp. del Suc. de Enrique Teodoro)
300 ## - DESCRIPCIÓN FÍSICA
Extensión 10 v. ;
Dimensiones 21 cm.
490 1# - MENCIÓN DE SERIE
Mención de serie El siglo médico
505 8# - NOTA DE CONTENIDO CON FORMATO
Nota de contenido con formato Contiene: T. I: A. -- T. II: B y C. -- T. III: D y E. -- T. IV: F, G y H. -- T. V: I, J, K y L. -- T. VI: M y N. -- T. VII: O. -- T. VIII-IX: P. -- T. X: Q.
650 #4 - PUNTO DE ACCESO ADICIONAL DE MATERIA--TÉRMINO DE MATERIA
Término de materia o nombre geográfico como elemento de entrada Farmacoterapia-
Subdivisión de forma Enciclopedias.
9 (RLIN) 164743
830 0# - PUNTO DE ACCESO ADICIONAL DE SERIE-TÍTULO UNIFORME
Título uniforme El siglo médico
9 (RLIN) 182853
852 ## - LOCALIZACIÓN
Ubicación ES-MaACL
Número de control de estantería B-13668-77
Holdings
Estatus retirado Estado de pérdida Estado de daño No para préstamo Biblioteca de origen Biblioteca actual Ubicación en estantería Fecha de adquisición Fuente de adquisición Total de préstamos Signatura topográfica completa Código de barras Visto por última vez Precio de reemplazo Tipo de ítem Koha
        Biblioteca del Ateneo de Madrid Biblioteca del Ateneo de Madrid Sala Pardo Bazán 17/01/2008     B-13668-77 1047146 23/02/2023 23/02/2023 Libro impreso